A minha primeira história de Portugal (Registo nº 3698)
[ vista simples ]
| 000 -Etiqueta do registo | |
|---|---|
| Cabeçalho | 00782nam a2200265 4500 |
| 005 - Identificador da versão | |
| Campo de controlo | 20240813122040.0 |
| 095 ## - | |
| -- | PTBN00806982 |
| 010 ## - Número internacional normalizado dos livros (ISBN) | |
| Número (ISBN) | 9722203932 |
| 021 ## - Número do Depósito Legal | |
| Código do país | PT |
| Número | 96823/96 |
| 100 ## - Dados gerais de processamento | |
| Dados gerais de processamento | 19960417d1996 cd y0pory5003 ba |
| 102 ## - Pais de publicação ou produção | |
| País de publicação | Portugal |
| 101 0# - Língua de publicação | |
| Língua do texto, banda sonora, etc. | Português |
| 215 ## - Descrição física | |
| Indicação específica da natureza do documento e extensão da espécie | 45 p. |
| Outras indicações físicas | principalmente il. |
| Dimensões | 29 cm |
| 200 1# - Titulo e menção de responsabilidade | |
| Título próprio | A minha primeira história de Portugal |
| Primeira menção de responsabilidade | texto de António Manuel Couto Viana |
| Outras menções de responsabilidade | il. Fernando Bento |
| 205 ## - Menção da edição | |
| Menção da edição | 5ª ed |
| 210 ## - Publicação, Distribuição, etc. | |
| Lugar da edição, distribuição, etc. | [Lisboa] |
| Nome do editor, distribuidor, etc. | Verbo |
| Data da publicação, distribuição, etc. | D.L. 1996 |
| 606 ## - Nome comum usado como assunto | |
| Número de registo de entrada de autoridade | 0000064 |
| Palavra de ordem | História de Portugal|2CA |
| 675 ## - Classificação Decimal Universal (CDU) | |
| Notação | 94(469) |
| Edição | 3ª ed. |
| Língua da edição | por |
| 702 #1 - Nome de autor-pessoa física (responsabilidade secundária) | |
| Número de registo de entrada de autoridade | 0000067 |
| Palavra de ordem | Bento |
| Outra parte do nome não tomada para palavra de ordem | Fernando |
| Datas | 1910- |
| Código de função | Ilustrador / Técnico de desenho computorizado |
| 700 #1 - Nome de autor-pessoa física (responsabilidade principal) | |
| Número de registo de entrada de autoridade | 0000066 |
| Palavra de ordem | Viana |
| Outra parte do nome não tomada para palavra de ordem | António Manuel Couto |
| Datas | 1923- |
| 942 ## - Elementos de entrada adicionados (Koha) | |
| Tipo de item no Koha | Livro |
| Situação do levantamento | Origin of item (home branch) (coded) | Biblioteca de empréstimo | Código de barras | Cota | Circulation type (not for loan) | Tipo de documento | Nota do exemplar | Damaged status |
|---|---|---|---|---|---|---|---|---|
| Biblioteca Escolar das Vendas | Biblioteca Escolar das Vendas | BEV835 | 9 PT | Livro | Sem mensagem |
